| 000 | 00903 a2200217 4500 | ||
|---|---|---|---|
| 008 | 090914t xxu||||| |||| 00| 0 eng d | ||
| 010 | _aB-307694 | ||
| 020 |
_a9781403926678 _c245-00 |
||
| 035 | _aB-307694 | ||
| 037 |
_aUBH _bRP/CL/E;10/56/19-11-08/26-11-08/26-11-08/30-11-08 |
||
| 040 |
_adpl _beng |
||
| 082 | _a658.151122 | ||
| 100 | _aMaheswari,Akila | ||
| 245 |
_aFinancial Management/ _cby Akila Maheswari,D.R.Gangopadhya,A.N.Chakrabarti& P.S.R. Prasad |
||
| 260 |
_aNew Delhi _bMacmillan India Ltd _c2008 |
||
| 270 |
_a2/10 Ansari Road Darya Ganj _bNew Delhi _e110002 |
||
| 300 |
_a431p _c24cm |
||
| 942 |
_2ddc _cEN _h658.151122 _mMAH |
||
| 999 |
_c30386 _d30386 |
||